00261pam a2200121 a 4500020000500000041000500005082001300010100001500023245004600038250001100084260003600095300000800131 c h a920bPHA aPhadake, B aDr Babasaheb AmbedakarhTextual Documents a2nd ed aPunebShrividhy Prakashanc2004 a302